| 000 | 00629 a2200205 4500 | ||
|---|---|---|---|
| 999 |
_c182992 _d182992 |
||
| 005 | 20211214110247.0 | ||
| 010 | _aENG-130296 | ||
| 020 |
_c495.00 _a978-93-81952-90-0 |
||
| 035 | _aEN-113828 | ||
| 037 | _bDBAD / PUB | ||
| 082 | _a500 | ||
| 245 |
_aOmnibus Science: _bEdited By Shyam Singh Tanwar |
||
| 260 |
_bKhandelwal Publishers and Distributors _c2020 _aJaipur |
||
| 270 |
_mkpdjpr@gmail.com _a57, 1st Floor, Natani Bhawan, Mishra Rajaji Ka Rasta _bJaipur _e302001 |
||
| 300 |
_a495p. _c22cm (pbk) |
||
| 700 | _aMradulata | ||
| 700 | _aDeepak | ||
| 700 | _aLohit | ||
| 942 |
_adpl _cEN _2ddc _h500 _mSHY |
||